Top 10 Best Chess Players(All Time) - Statistiques

Statistiques générales
  • Ce quiz a été pris 18 fois
  • Le résultat moyen est 4 sur 10
Statistiques - réponses
Chess Players Réponse % Correct
Magnus Carlsen Magnus Carlsen
82%
Garry Kasparov Garry Kasparov
76%
Anatoly Karpov Anatoly Karpov
41%
Paul Morphy Paul Morphy
35%
Viswanathan Anand Viswanathan Anand
29%
Alexander Alekhine Alexander Alekhine
24%
José Raúl Capablanca José Raúl Capablanca
24%
Mikhail Botvinnik Mikhail Botvinnik
24%
Vladimir Kramnik Vladimir Kramnik
24%
Magnus Carlsen Bobby Fischer
18%
Aucun quiz correspondant
Distribution des résultats
% des personnes avec chaque résultat
Percentile par nombre de réponses
Votre historique - résultats
Vous n’avez pas pris ce quiz